Logistics management / (Record no. 20559)
[ view plain ]
| 000 -LEADER | |
|---|---|
| fixed length control field | 00420nam a22001697a 4500 |
| 003 - CONTROL NUMBER IDENTIFIER | |
| control field | OSt |
| 008 - FIXED-LENGTH DATA ELEMENTS--GENERAL INFORMATION | |
| fixed length control field | 240522b2012 |||||||| |||| 00| 0 eng d |
| 020 ## - INTERNATIONAL STANDARD BOOK NUMBER | |
| International Standard Book Number | 9788131768624 |
| 082 ## - DEWEY DECIMAL CLASSIFICATION NUMBER | |
| Classification number | 658.7 |
| Item number | SOP-L |
| 100 ## - MAIN ENTRY--PERSONAL NAME | |
| Personal name | Sople, V. V. |
| 245 ## - TITLE STATEMENT | |
| Title | Logistics management / |
| Statement of responsibility, etc | V. V. Sople. |
| 250 ## - EDITION STATEMENT | |
| Edition statement | 3rd |
| 260 ## - PUBLICATION, DISTRIBUTION, ETC. (IMPRINT) | |
| Place of publication, distribution, etc | Chennai : |
| Name of publisher, distributor, etc | Pearson, |
| Date of publication, distribution, etc | 2012. |
| 300 ## - PHYSICAL DESCRIPTION | |
| Extent / Pages | xxi, 537 p. ; |
| 650 ## - SUBJECT ADDED ENTRY--TOPICAL TERM | |
| Topical term or geographic name as entry element | Business logistics |
| 942 ## - ADDED ENTRY ELEMENTS (KOHA) | |
| Source of classification or shelving scheme | |
| Koha item type | Books |
| 942 ## - ADDED ENTRY ELEMENTS (KOHA) | |
| -- | 2 |
| Withdrawn status | Lost status | Source of classification or shelving scheme | Damaged status | Not for loan | Home library | Current library | Date acquired | Source of acquisition | Currency | Cost, normal purchase price | Full call number | Barcode | Date last seen | Copy number | Bill Date | Koha item type | Bill Number | Total Checkouts | Date last borrowed | Total Renewals |
|---|---|---|---|---|---|---|---|---|---|---|---|---|---|---|---|---|---|---|---|---|
| SOBD Library | SOBD Library | 11/04/2024 | Vedi Books | INR | 700.00 | 658.7 SOP-L1 | 005822 | 22/05/2024 | 1 | Reference Books | VEDI/24-25/04/12 | |||||||||
| SOBD Library | SOBD Library | 11/04/2024 | Vedi Books | INR | 700.00 | 658.7 SOP-L2 | 005823 | 22/05/2024 | 2 | Books | VEDI/24-25/04/12 | |||||||||
| SOBD Library | SOBD Library | 11/04/2024 | Vedi Books | INR | 700.00 | 658.7 SOP-L3 | 005824 | 22/05/2024 | 3 | Books | VEDI/24-25/04/12 | |||||||||
| SOBD Library | SOBD Library | 11/04/2024 | Vedi Books | INR | 700.00 | 658.7 SOP-L4 | 005825 | 22/05/2024 | 4 | Books | VEDI/24-25/04/12 | |||||||||
| SOBD Library | SOBD Library | 11/04/2024 | Vedi Books | INR | 700.00 | 658.7 SOP-L5 | 005826 | 22/05/2024 | 5 | Books | VEDI/24-25/04/12 | |||||||||
| SOBD Library | SOBD Library | 11/04/2024 | Vedi Books | INR | 700.00 | 658.7 SOP-L6 | 005827 | 22/05/2024 | 6 | Books | VEDI/24-25/04/12 | |||||||||
| SOBD Library | SOBD Library | 11/04/2024 | Vedi Books | INR | 700.00 | 658.7 SOP-L7 | 005828 | 22/05/2024 | 7 | Books | VEDI/24-25/04/12 | |||||||||
| SOBD Library | SOBD Library | 11/04/2024 | Vedi Books | INR | 700.00 | 658.7 SOP-L8 | 005829 | 22/05/2024 | 8 | Books | VEDI/24-25/04/12 | |||||||||
| SOBD Library | SOBD Library | 11/04/2024 | Vedi Books | INR | 700.00 | 658.7 SOP-L9 | 005830 | 10/02/2026 | 9 | Books | VEDI/24-25/04/12 | |||||||||
| SOBD Library | SOBD Library | 11/04/2024 | Vedi Books | INR | 700.00 | 658.7 SOP-L10 | 005831 | 22/05/2024 | 10 | Books | VEDI/24-25/04/12 | |||||||||
| SOBD Library | SOBD Library | 11/04/2024 | Vedi Books | INR | 700.00 | 658.7 SOP-L11 | 005832 | 23/03/2026 | 11 | Books | VEDI/24-25/04/12 | 1 | 27/01/2026 | |||||||
| SOBD Library | SOBD Library | 11/04/2024 | Vedi Books | INR | 700.00 | 658.7 SOP-L12 | 005833 | 15/11/2025 | 12 | Books | VEDI/24-25/04/12 | 1 | 16/10/2025 | 1 |